000 01140nam a2200301 i 4500
005 20240422170050.0
008 240422s20022023ck gr 000 fdspa d
020 _a9786280124827
040 _aCO-PeBPR
_cCO-PeBPR
_erda
041 _aspa
082 0 4 _a863.6
_bM798m
100 1 _953483
_aMontoya, Didier
_d1962-
_eautor
245 1 0 _aManuel
_bentre ráfagas, minas y bambalinas
_cDidier Montoya (don D)
250 _aPrimera edición
264 0 1 _aDosquebradas
_bD. Montoya
_c2002
_c2023
300 _a191 páginas
_c25 cm
336 _aTexto
_btxt
_2rdacontent
337 _aSin mediación
_bn
_2rdamedia
338 _aVolumen
_bnc
_2rdacarrier
490 _a¡A mi estilo!
500 _aIncluye datos biográficos del autor
650 0 _953431
_aVíctimas de la Violencia
_xNiños
_vNovela
650 0 _941301
_aDesplazamiento Forzado
_xFamilias Colombianas
_vNovela
650 0 _929746
_aCampesinos
_xViolencia
_vNovela
650 0 _941578
_aMinas Antipersonales
_xNovela
830 _aDepósito Legal - Sala de Patrimonio Bibliográfico y Documental de Risaralda
942 _2ddc
_cBK
_h863.6 M798m
_k863.6
_mM798m
999 _c17103
_d17103